| 000 | 01039ntm a22002297a 4500 | ||
|---|---|---|---|
| 005 | 20170810130737.0 | ||
| 008 | 170802s2014 xx a frb 000 0 eng d | ||
| 040 |
_aEG-ScBUE _beng _cEG-ScBUE |
||
| 082 | 0 | 4 |
_222 _a624 _bAKR |
| 100 | 1 | _aAkram, Moustafa. | |
| 245 | 1 | 0 |
_aDesign approach to use project management office -PMO- in construction projects with a case study of applying this approach in carshowroom project / _cMoustafa Akram. |
| 246 | 3 | 0 | _aDesign approach to use project management office -PMO- on Construction projects with a case study of applying this approach in car showroom project |
| 260 | _c2014. | ||
| 300 |
_a74 p. : _bill. (col.) ; _c28 cm. |
||
| 500 | _aA design thesis submitted to the faculty of engineering, the British University in Egypt, in partial fulfillment of the requirements for the bachelor degree in civil engineering. | ||
| 590 | _aAngham. | ||
| 650 | 7 |
_2BUEsh _aCivil Engineering _vProjects |
|
| 653 |
_bENGCIV _cAugust2017 |
||
| 655 | _vSPRO | ||
| 700 | 1 |
_aNassar, Ayman. _eths |
|
| 942 | _2ddc | ||
| 999 |
_c25370 _d25342 |
||